Technology transfer : the role of the sci-tech librarian

Bibliographic Details
Other Authors: Steinke, Cynthia A
Format: Book
Published: New York : The Haworth Press , 1990
Subjects:

MARC

LEADER 00000cam a2200000 7i4500
001 0000002004
002 000002187
005 20000330.0
020 |a 1560241160 
090 0 0 |a 026.50285   |b TEC 
245 0 0 |a Technology transfer :   |b the role of the sci-tech librarian   |c edited by Cynthia Steinke 
260 |a New York :   |b The Haworth Press ,   |c 1990 
300 |a 172p ;   |c 22 cm. 
650 0 0 |a Technical libraries 
650 0 0 |a Technology transfer 
700 1 |a Steinke, Cynthia A 
999 |a 033763   |b BUKU   |c RUJUKAN   |e PERPUSTAKAAN KOMUNITI PETALING JAYA